| 000 | 00963cam a22002655a 4500 | ||
|---|---|---|---|
| 001 | 16998240 | ||
| 005 | 20180509103838.0 | ||
| 008 | 111013t2012 nju fr 001 0 eng d | ||
| 020 | _a9780132837613 | ||
| 020 | _a0132837617 | ||
| 040 |
_aDLC _cDLC _dDLC _dEG-ScBUE _beng |
||
| 082 | 0 | 4 |
_222 _a658.7 _bPAL |
| 100 | 1 |
_aPalevich, Robert, _d1945- |
|
| 245 | 1 | 4 |
_aThe lean sustainable supply chain : _bhow to create a green infrastructure with lean technologies / _cRobert Palevich. |
| 260 |
_aUpper Saddle River : _bFT Press, _cc.2012. |
||
| 300 |
_axviii, 428 p. : _bill. ; _c24 cm. |
||
| 500 | _aIndex : p. 409-428. | ||
| 650 | 7 |
_aBusiness logistics. _2BUEsh _931004 |
|
| 650 | 7 |
_aBusiness logistics _xEnvironmental aspects. _2BUEsh |
|
| 650 | 7 |
_aTechnological innovations _xManagement _xEnvironmental aspects. _2BUEsh |
|
| 650 | 7 |
_aIndustrial management _xEnvironmental aspects. _2BUEsh _922534 |
|
| 651 | _2BUEsh | ||
| 653 |
_bGGEN _bBUSADM _cMay2018 |
||
| 942 | _2ddc | ||
| 999 |
_c26671 _d26643 |
||